Loading...
| Science - Chemistry | 0 | 3 | 1 | 0 | 25 | 46 | 71.67 | 1 | 3 |
| Fine Arts - Visual Fine Arts | 0 | 2 | 0 | 0 | 20 | 30 | 51.50 | 1 | 2 |
| History - Other History | 0 | 1 | 0 | 1 | 10 | 121 | 121.00 | 0 | 0 |
| Science - Physics | 0 | 2 | 2 | 1 | 10 | 52 | 89.00 | 0 | 1 |
| Literature - British Literature | 0 | 1 | 0 | 1 | 10 | 114 | 114.00 | 0 | 0 |
| Geography/Current Events | 0 | 1 | 0 | 1 | 10 | 130 | 130.00 | 0 | 1 |
| Mythology | 0 | 1 | 0 | 0 | 10 | 56 | 56.00 | 0 | 1 |
| Religion | 0 | 1 | 1 | 1 | 5 | 129 | 129.00 | 0 | 0 |
| Fine Arts - Classical Music | 0 | 1 | 1 | 1 | 5 | 137 | 137.00 | 0 | 0 |
| Social Science | 0 | 0 | 1 | 0 | -5 | 0.00 | 0 | 0 | |
| History - American History | 0 | 0 | 1 | 0 | -5 | 0.00 | 0 | 0 | |
| Literature - American Literature | 0 | 0 | 1 | 0 | -5 | 0.00 | 0 | 0 | |
| Other Academic | 0 | 0 | 1 | 0 | -5 | 0.00 | 0 | 0 | |
| Philosophy | 0 | 0 | 1 | 0 | -5 | 0.00 | 0 | 0 | |
| Science - Biology | 0 | 0 | 1 | 0 | -5 | 0.00 | 0 | 0 | |
| Science - Other Science | 0 | 0 | 1 | 0 | -5 | 0.00 | 0 | 0 |